000 00811nam a2200241 i 4500
003 OSt
005 20260421153906.0
008 260421t20252025nyua grb 000 0 eng d
020 _a9798888457436
_cRM 186.90
_qhardback
040 _aPPAK
_beng
_cPPAK
_erda
082 0 4 _223
_a158.1
090 0 0 _a158.1
_bHAR
_dG
100 1 _aHarris, Bernard A.,
_cJr.,
_eauthor.
245 1 0 _aEMBRACING INFINITE PISSIBILITIES :
_bLETTING GO OF FEAR TO FIND YOUR HIGHEST POTENTIAL /
_cDR. BERNARD A. HARRIS JR.
264 1 _aNew York :
_bSavio Republic,
_c[2025]
264 4 _c©2025
300 _ax, 163 pages :
_billustrations ;
_c22 cm
336 _atext
_2rdacontent
337 _aunmediated
_2rdamedia
338 _avolume
_2rdacarrier
650 1 0 _aSelf-actualization (Psychology)
942 _2ddc
_cB
999 _c203962
_d203962